• 首页
  • 本馆介绍
  • 公告通知
  • 最新文献
  • 馆藏检索
  • 电子资源
  • 读者导购
  • 参考咨询
  • 我的图书馆
  • 登录
  • 详细信息显示
  • 放入我的书架
  • 预约/预借图书
  • 作者相关作品
  • 分类相关作品
  • 丛书相关作品
  • 出版社相关作品

书目信息

  • 表格格式
  • 工作单格式
  • 卡片格式
题名:
锕系元素氧化还原热力学
    
 
作者: 鲍林 , 卡列林 著 ;朱永容 译
分册:  
出版信息: 北京   原子能出版社  1980
页数: 258页
开本: 19cm
丛书名:
单 册:
中图分类: TQ133.4
科图分类:
主题词: ⅢA族元素:金属元素--无机化合物--生产 , ⅢB族元素:金属元素--无机化合物--生产
电子资源:
ISBN:
000 00888nam0 2200265 45
001 0180004987
005 20060820151707.73
010    @dCNY1.10
091    @a15175.230
100    @a19950703d1980 em y0chiy0121 ea
101 0  @achi
102    @aCN@b110000
105    @ay z 000yy
200 10 @a锕系元素氧化还原热力学@Aa xi yuan su yang hua hai yuan re li xue@f(苏)Д·Д·鲍林,А·И·卡列林著@F(su)Д·Д·bao lin,А·И·ka lie lin zhu@g朱永容等译@Gzhu yong rong deng yi
210    @a北京@c原子能出版社@d1980
215    @a258页@d19cm
606 0  @aⅢA族元素:金属元素@x无机化合物@x生产
606 0  @aⅢB族元素:金属元素@x无机化合物@x生产
690    @aTQ133.4
701  1 @a鲍林@Abao lin@f苏@4著
701  1 @a卡列林@Aka lie lin@4著
702  0 @a朱永容@Azhu yong rong@4译
801  2 @aCN@bNLC@c20060820
801  0 @aCN@b上海图书馆@c20060731
905    @f1@b64067@dTQ133.4@e2
    
    锕系元素氧化还原热力学/(苏)Д·Д·鲍林,А·И·卡列林著/朱永容等译.-北京:原子能出版社,1980
    258页;19cm
    
    
    ISBN :CNY1.10
    
●
相关链接 在E读中查询图书 在五车中查询图书 在当当中查询图书 在豆瓣中查询图书


正题名:锕系元素氧化还原热力学     索取号:TQ133.4/2         预约/预借

序号 登录号 条形码 馆藏地/架位号 状态 备注
1 0064067   001471776   第二样本阅览室/ [索取号:TQ133.4/2] 在馆    
2 0064068   202146043   密集书库/ [索取号:TQ133.4/2] 在馆    
3 0439162   204391620   密集书库/ [索取号:TQ133.4/2] 在馆    
4 0470413   204704132   密集书库/ [索取号:TQ133.4/2] 在馆    
唐山师范学院图书馆 欢迎您!
大连网信软件有限公司© 版权所有